|
|
|
|
| LEADER |
00000cam a2200000 7i4500 |
| 001 |
0000003438 |
| 005 |
20151222.0 |
| 008 |
070718 |
| 020 |
|
|
|a 9833133916
|
| 090 |
0 |
0 |
|a JF
|b MOR MAL (4554)
|
| 245 |
1 |
0 |
|a Kisah Sang Bangau
|
| 260 |
|
|
|a Selangor :
|b Early Learner Publications ,
|c 2005
|
| 440 |
|
|
|a Siri pintar teladan
|
| 500 |
|
|
|a Children ages 7-9 years old (orange)
|
| 650 |
|
0 |
|a Animals
|x Fiction
|
| 999 |
|
|
|a 0000969363
|b Book
|c Children Collection
|e Cawangan Segamat
|
| 999 |
|
|
|a 0000969364
|b Book
|c Children Collection
|e Cawangan Mersing
|
| 999 |
|
|
|a 0000969366
|b Book
|c Children Collection
|e Perbadanan Perpustakaan Awam Johor
|
| 999 |
|
|
|a 0000971010
|b Book
|c Children Collection
|e Perbadanan Perpustakaan Awam Johor
|
| 999 |
|
|
|a 0001050858
|b Book
|c Children Collection
|e Cawangan Taman Sri Lambak
|
| 999 |
|
|
|a 0001050859
|b Book
|c Children Collection
|e Cawangan Taman Sri Lambak
|
| 999 |
|
|
|a 0001050860
|b Book
|c Children Collection
|e Cawangan Segamat
|